Allgemeinwissen & mehr (Teil 2) - Statistiken

Allgemein
  • Dieses Quiz wurde 643 mal gespielt
  • Das Durchschnittsergebnis liegt bei 8 aus 20
Antwortstatistiken
Frage Antwort % Korrekt
Nach welcher "Tante" ist ein kleiner altmodischer Laden benannt? Emma
88%
Wie heißt der Webbrowser von Google? Chrome
78%
"Balance" ist die französische Bezeichnung für welches Sternbild und Tierkreiszeichen? Waage
77%
Mit welchem englischen Begriff bezeichnet man die Hauptsendezeit, die im deutschen und österreichischen Fernsehen um 20:15 beginnt? Prime Time
75%
Wie bezeichnet man die abendlichen Vergnügungen nach dem Wintersport? Après Ski
71%
Wie heißt das einzige chemische Element, das mit "Q" beginnt? Quecksilber
65%
Der Name welches Vogels leitet sich vermutlich vom walisischen "pen gwyn" für "weißer Kopf" ab? Pinguin
63%
Ein Quadratkilometer besteht aus 100 ______ Hektar
53%
Wie heißt der Oberklasse-Geländewagen des britischen Herstellers Land Rover? Range Rover
48%
Welcher einheimische Vogel wird bis 18 cm lang, hat einen blauen Rücken, einen rotbraunen Bauch, einen langen Schnabel und lebt in Wassernähe? Eisvogel
38%
Wie hieß die von Frankie Muniz gespielte Hauptfigur einer amerikanischen Sitcom, die von 2000 bis 2006 "mittendrin" war? Malcolm
34%
In welcher deutschen Stadt steht das 1924 im expressionistischen Stil erbaute Chilehaus? Hamburg
29%
In welche hessische Universitätsstadt wurde in den 60er Jahren mit Versuchsaffen aus Uganda ein gefährliches Virus eingeschleppt, das nach dieser Stadt benannt wurde? Marburg
23%
In welchem Videospiel gibt es die Charaktere Johnny Cage, Liu Kang und Sub-Zero? Mortal Kombat
18%
Das Cover des Albums "Jazz ist anders" von welcher Band ähnelt einem Pizzakarton? Die Ärzte
17%
Welcher Sohn eines deutschen Bundeskanzlers ist ein bekannter Theater- und Fernsehschauspieler sowie Schriftsteller? Matthias Brandt
15%
Während ein braunes Pferd mit schwarzer Mähne "Brauner" genannt wird, heißt ein braunes Pferd mit brauner Mähne wie? Fuchs
13%
In welchem Film von Quentin Tarantino kommen Mr. White, Mr. Brown, Mr. Blue, Mr. Orange, Mr. Pink und Mr. Blonde vor? Reservoir Dogs
9%
Welches Land hat das internationale KFZ-Kennzeichen "RA"? (Tipp: Es beginnt nicht mit "R") Argentinien
7%
Welche Literaturnobelpreisträgerin schrieb "Das goldene Notizbuch" und war die Tante von Gregor Gysi? Doris Lessing
3%
Keine übereinstimmenden Quizze gefunden
Verteilung der Resultate
Anzahl Personen mit jedem Resultat
Perzentil nach korrekt beantworteten Fragen
Ihre Resultats-Entwicklung
Sie haben dieses Quiz noch nicht gespielt